MDQL
is popping MORE tags! Check the
thread
!
Quizzes
Events
Quiz Creation
Community
Videos
Private Events
Remove Ads
Sign In
Join for FREE
Feedback
Dark Mode
Quiz Categories
Sports
Geography
Music
Movies
Television
Just For Fun
Miscellaneous
History
Literature
Language
Science
Gaming
Entertainment
Religion
Holiday
For Kids
Quiz Lab
Recent
Popular Today
Quiz Kudos Today
Editor Picks
Curator Picks
Quizzes by...
Day
Popularity
Type
Ratings
Length
Year
Community
Subscriptions
Recent Discussions
Orange Saloon
Badges
Playlists
Quests
Create
Leaderboards
Showdown
Live 5
Trivia Bingo
Activity
Puzzle Library
Sporcle Events
Private Events
Virtual Trivia
Globe League
Become a Host
Pub Owners
SporcleCon
Opinionation
Our Games
Videos
Blog
Mobile Apps
Partnerships
Remove Ads and Go Orange
Feedback
Language
Vocabulary
Begins and Ends
Definition
Spanish
French
German
Italian
Chinese
Latin
Translation
Japanese
Language
Vocabulary
Begins and Ends
Definition
Spanish
French
German
Italian
Chinese
Latin
Translation
Japanese
Random Quiz
Search Sporcle
×
Quiz Lab
Quiz Lab
Language
French
Type in answers that appear in a list
Type in answers that appear in a list
Classic
Best Score? Go Orange.
French Environment Vocab Stats
Can you name the French Environment Voacb?
By
Hollyemily
10m
46 Questions
89 Plays
89 Plays
89 Plays
Comments
Comments
Give Quiz Kudos
Give Quiz Kudos
-
- Ratings
hide this ad
Replay
Link that replays current quiz
Next Quiz
Link to next quiz in quiz playlist
You Got
0%
They Got
Avg Score
43%
Avg Friend Score
Upgrade to see
Score Distribution
Jump to the score distribution portion of the page
Score
0/46
Timer
10:00
0
Plays Today
English
French
% Correct
Environment
l'environnement
88.8%
Individual
l'individu
62.9%
Dustbin
la poubelle
60.7%
Waste
les déchets
58.4%
To Protect
protéger
57.3%
Forest
la forêt
56.2%
Development
le développement
53.9%
Glass
le verre
52.8%
To Preserve
préserver
52.8%
To Destroy
détruire
51.7%
To Reduce
réduire
51.7%
Species
l'espèce
50.6%
Coast
le littoral
48.3%
To Safeguard
sauvegarder
48.3%
Bottle
la bouteille
47.2%
To Throw out
jeter
47.2%
To Re-
Use
réutiliser
47.2%
Treatment
le traitement
46.1%
Pressure
la pression
46.1%
To Balance
équilibrer
46.1%
To Waste
gaspiller
46.1%
To Sort
trier
44.9%
To Reintroduce
réintroduire
43.8%
English
French
% Correct
Environmental
environnemental
43.8%
Hunting
la chasse
40.4%
Nature Reserve
le parc naturel
39.3%
Rubbish
les détruits
39.3%
Sorting
le tri
39.3%
Rubbish
les ordures
39.3%
Wild
sauvage
39.3%
Classified
classé
39.3%
Safeguarding
la sauvegarde
38.2%
To Involve
impliquer
38.2%
Packaging
l'emballage
37.1%
Collection
la collecte
37.1%
Container
le conteneur
36%
Reintroduction
la réintroduction
36%
Survival
la survive
36%
Tip
le dépôt
31.5%
Surroundings
le milieu
30.3%
Taking Away
l'enlèvement
30.3%
Damage
les dégâts
30.3%
Cleaning Up
l'assainissement
27%
Community
la collectivité
24.7%
To Get Rid Of
éliminer
16.9%
Disposal
la décharge
9%
Quiz Playlist
Details
Report
Send in Message
Add To Playlist
Classic:
Type in answers that appear in a list
Last Updated: Feb 16, 2017
Quiz Scoreboard
CHALLENGE
Sign Up to Join the Scoreboard
Show All
Scores
Hide
Comments
May contain spoilers
Recently Published
5x2 Blitz: Bands
by SL_Kpop136
Music
30s
Colored Red Africa Blitz
by spor1
Geography
30s
Find the 'City' Movie
by crazypaving
Movies
60s
More to Explore
Quiz From the Vault
Featured Blog Post
14 Easter Pick-up Lines to Find Eggs With
hide this ad
You Might Also Like...
Tags
French Quiz
English
Environment
Today's Top Quizzes in Language
Browse Language
hide this ad
Today's Top Quizzes in French
Browse French
Top Contributed Quizzes in Language
1
Arabic Numerals
2
1-10 Letter F Words III
3
1-10 Letter G Words III
4
1-10 Letter H Words III
5
1-10 Letter I Words III
6
What Word Starts All?
7
1-10 Letter J Words III
8
1-10 Letter K Words III
9
1-10 Letter L Words III
10
1-10 Letter M Words III
Explore More
Trending Topics
Anime
Crossword
Disney
Marvel
Harry Potter
Kpop
NBA
WWE
Pokémon
NFL
Song
Country
Puzzle
Soccer
The Office
hide this ad
More By:
Hollyemily
Quiz
Plays
Rating
Category
Featured
Created
French Environment Vocab
89
Language
Jun 2, 2015
French Immigration and racism Vocab
82
4.00
Language
May 26, 2015
French Nuclear Energy Vocab
52
Language
May 30, 2015
French Technology Vocab
46
5.00
Language
May 26, 2015
French Transport Voacb 2
35
5.00
Language
May 31, 2015
Go to Creator's Profile
Score Distribution
Quiz Creator Spotlight
Hollyemily
Follow
Send a Message
Quizzes Created
-
Created Quiz Play Count
-
More By This Creator
Popular Quizzes Today
1
Colored Red Africa Blitz
2
Find the 'City' Movie
3
Find the US States - No Outlines Minefield
4
5x2 Blitz: Bands
5
The Countries of the World
6
Find the US States
7
Find the Countries of Europe - No Outlines Minefield
8
US States
More Language Quizzes
Rhymes With 'Easy'
Editor's Pick
Trending Quizzes
Colored Red Europe Blitz I
Colored Red Europe Blitz II
Colored Red Africa Blitz II
Colored Red Europe Blitz III
Colored Red Africa Blitz III
Recently Updated
How Do You Spell That?
pecheneg
Godzilla Movies
pecheneg
Grab Bag: 4-10 Letters
pecheneg
2024 March Madness Bracket
pecheneg
Famous TV Couples
Peacemaker
Champions League XIs: Real Madrid
pecheneg
Largest US Cities 1790-2010
pecheneg
Rides in Walt Disney World
pecheneg
Most Oscar Losses (Acting)
pecheneg
Beyoncé Albums
pecheneg
Trending Topics
Disney
Crossword
Kpop
Harry Potter
Anime
NBA
Marvel
NFL
Puzzle
The Office
Song
Country
Soccer
WWE
Pokémon
Your Account Isn't Verified!
In order to create a playlist on Sporcle, you need to verify the email address you used during registration. Go to your
Sporcle Settings
to finish the process.
Report this User
Report this user for behavior that violates our
Community Guidelines
.
Details:
Send Report
Go to the Sporcle.com Mobile Site →
Comments